Highest Rated Animated Movies by Studio - Statistics

General Stats
  • This quiz has been taken 35 times
  • The average score is 11 of 30
Answer Stats
Hint Answer % Correct
Pixar Toy Story
90%
Studio Ghibli Spirited Away
77%
Pixar Toy Story 2
77%
Pixar Toy Story 3
77%
Illumination Despicable Me
71%
Illumination Despicable Me 2
65%
Sony Spider-Man: Into the Spider-Verse
61%
Pixar Inside Out
55%
Disney Aladdin
52%
DreamWorks How to Train Your Dragon
52%
Disney Snow White and the Seven Dwarfs
52%
Sony Spider-Man: Across the Spider-Verse
48%
Pixar Finding Nemo
39%
DreamWorks Puss in Boots: The Last Wish
39%
Studio Ghibli Grave of the Fireflies
32%
Disney Pinocchio
32%
Studio Ghibli Kiki's Delivery Service
29%
Disney Zootopia
26%
Disney 101 Dalmatians
23%
Illumination Sing
23%
Illumination Sing 2
19%
Sony KPop Demon Hunters
13%
DreamWorks The Wild Robot
13%
Studio Ghibli Only Yesterday
10%
Sony The Mitchells vs. the Machines
10%
Studio Ghibli The Tale of the Princess Kaguya
10%
DreamWorks Wallace & Gromit: The Curse of the Were-Rabbit
10%
DreamWorks Chicken Run
6%
Illumination Migration
3%
Sony Arthur Christmas
0%
No matching quizzes found
Score Distribution
Percent of People with Each Score
Percentile by Number Answered
Your Score History
You have not taken this quiz